<?xml version="1.0" encoding="UTF-8"?><?xml-stylesheet type="text/xsl" href="static/style.xsl"?><OAI-PMH xmlns="http://www.openarchives.org/OAI/2.0/" xmlns:xsi="http://www.w3.org/2001/XMLSchema-instance" xsi:schemaLocation="http://www.openarchives.org/OAI/2.0/ http://www.openarchives.org/OAI/2.0/OAI-PMH.xsd"><responseDate>2026-06-02T22:33:17Z</responseDate><request verb="GetRecord" identifier="oai:riuma.uma.es:10630/28004" metadataPrefix="marc">https://riuma.uma.es/rest/oai/request</request><GetRecord><record><header><identifier>oai:riuma.uma.es:10630/28004</identifier><datestamp>2026-02-03T11:31:56Z</datestamp><setSpec>com_10630_2254</setSpec><setSpec>col_10630_37953</setSpec></header><metadata><record xmlns="http://www.loc.gov/MARC21/slim" xmlns:dcterms="http://purl.org/dc/terms/" xmlns:doc="http://www.lyncode.com/xoai" xmlns:xsi="http://www.w3.org/2001/XMLSchema-instance" xsi:schemaLocation="http://www.loc.gov/MARC21/slim http://www.loc.gov/standards/marcxml/schema/MARC21slim.xsd">
   <leader>00925njm 22002777a 4500</leader>
   <datafield ind2=" " ind1=" " tag="042">
      <subfield code="a">dc</subfield>
   </datafield>
   <datafield ind2=" " ind1=" " tag="720">
      <subfield code="a">Sánchez-Archidona-Hidalgo, Guillermo</subfield>
      <subfield code="e">author</subfield>
   </datafield>
   <datafield ind2=" " ind1=" " tag="260">
      <subfield code="c">2017-06-01</subfield>
   </datafield>
   <datafield ind2=" " ind1=" " tag="520">
      <subfield code="a">The international tax landscape has changed radically in the last decades. Evidence of this development can be shown in the change of strategy pursued by the OECD and the EU in order to tackle tax base erosion and profit shifting. The unilateral or bilateral solutions traditionally adopted by States have given way to multilateral solutions based on consensus and cohesion reached at global level among States. &#xd;
The multilateral phenomenon is strengthened as the most efficient solution to avoid double non-taxation in the short, medium and long term. For reaching its final consolidation, a leading role needs to be played by the States.</subfield>
   </datafield>
   <datafield ind1="8" ind2=" " tag="024">
      <subfield code="a">Guillermo Sánchez-Archidona Hidalgo, 'Reflections on Multilateral Tax Solutions in a Post-BEPS Context', (2017), 45, Intertax, Issue 11, pp. 714-721, https://kluwerlawonline.com/journalarticle/Intertax/45.11/TAXI2017061</subfield>
   </datafield>
   <datafield ind1="8" ind2=" " tag="024">
      <subfield code="a">https://hdl.handle.net/10630/28004</subfield>
   </datafield>
   <datafield ind1="8" ind2=" " tag="024">
      <subfield code="a">10.54648/taxi2017061</subfield>
   </datafield>
   <datafield tag="653" ind2=" " ind1=" ">
      <subfield code="a">Derecho fiscal - Tratados</subfield>
   </datafield>
   <datafield tag="653" ind2=" " ind1=" ">
      <subfield code="a">Relaciones económicas internacionales</subfield>
   </datafield>
   <datafield ind2="0" ind1="0" tag="245">
      <subfield code="a">Reflections on Multilateral Tax Solutions in a Post-BEPS Context.</subfield>
   </datafield>
</record>
</metadata></record></GetRecord></OAI-PMH>